| 000 | 01277cam a22004094i 4500 | ||
|---|---|---|---|
| 003 | PE-LiUPU | ||
| 005 | 20250731172855.0 | ||
| 008 | 160822s2013 r 000 0 spa d | ||
| 020 | _a1594100217 | ||
| 020 | _a9781594100215 | ||
| 035 | _a(Sirsi) a163076 | ||
| 082 | 0 | 4 |
_a242.68 _bE9 |
| 245 | 0 | 0 |
_aEvening rounds : _bdaily devotional stories. |
| 264 |
_aLoma Linda : _bLoma Linda University Press, _c2013. |
||
| 300 |
_a403 páginas ; _c23 centímetros |
||
| 336 |
_atext _2rdacontent |
||
| 337 |
_aunmediated _2rdamedia |
||
| 338 |
_avolume _2rdacarrier |
||
| 526 | _aSEG42 | ||
| 526 | _aSEG41 | ||
| 526 | _aSEG40 | ||
| 526 | _aSEG39 | ||
| 526 | _aP94 | ||
| 526 | _aP87 | ||
| 526 | _aP86 | ||
| 526 | _aP85 | ||
| 526 | _aP77 | ||
| 526 | _aP76 | ||
| 526 | _aP35 | ||
| 610 | 2 |
_aLoma Linda University. _bSchool of Medicine _xEstudiantes. |
|
| 650 | 0 | 4 |
_aCalendario devocional _xAdventistas del Séptimo Día. |
| 650 | 0 | 4 |
_aEstudiantes de Medicina _vOraciones y devociones. |
| 710 | 2 | _aLoma Linda University. | |
| 596 | _a1 | ||
| 942 |
_2ddc _cBOOK |
||
| 999 |
_a242.68 E9 _wDEWEY _c11985 _i70882 _f2021-11-10 _g6 _lCCODEBUL1 _mBUL _p15.00 _r0 _sY _tBOOK _u2016-8-22 _xTEOLOGIA _PP35 _0COMPRA _o.STAFF. Colección Teología _d11985 |
||
| 980 |
_81 _gALBERTO SANCHEZ Responsable de Automatización |
||